| 000 | 01158nam a2200361 a 4500 | ||
|---|---|---|---|
| 001 | 22686 | ||
| 003 | SK-KTurca | ||
| 005 | 20260415153714.0 | ||
| 008 | 120514s2012 xo g 000 0 slo d | ||
| 020 | _a9788055127415 (viaz.) | ||
| 035 | _aa000459705 | ||
| 040 |
_aPPPK _bslo _cUKB _eAACR2 |
||
| 041 | 1 |
_aslo _heng |
|
| 044 |
_axo _cSK |
||
| 072 | 7 |
_a821.111(73)-3 _xAmerická próza _2konspekt |
|
| 072 | 7 |
_a821-93 _xLiteratúra pre deti a mládež (beletria) _2konspekt |
|
| 080 |
_a821.111(73)-31 _22001 |
||
| 080 |
_a(0:82-311.9) _22001 |
||
| 080 |
_a821-93 _22001 |
||
| 100 | 1 | _aRossi, Veronica | |
| 240 | 1 | 0 |
_aUnder the never sky. _lSlovensky |
| 245 | 1 | 0 |
_aPod vražednou oblohou _b[odlišné svety ich rozdelili, osud spojil] _cVeronica Rossiová ; [z anglického originálu preložil Patrick Frank] |
| 260 |
_aBratislava _bIkar _c2012 |
||
| 300 | _a294, [1] s. | ||
| 653 | _a821.111(73)-31 | ||
| 653 | _a(0:82-311.9) | ||
| 653 | _a821-93 | ||
| 655 | 7 |
_aamerické romány _2UKBPH |
|
| 655 | 7 |
_avedecko-fantastické romány _2UKBPH |
|
| 655 | 7 |
_apublikácie pre mládež _2UKBPH |
|
| 700 | 1 |
_aFrank, Patrick _4trl |
|
| 942 |
_2ddc _cKLDO _n0 |
||
| 999 |
_c22686 _d22686 |
||